000 00832nam a22001937a 4500
003 OSt
005 20250827115525.0
008 240312b ||||| |||| 00| 0 eng d
040 _c0
082 _aDPer 621.317 Ie21 July 2022 v.37 n. 7
100 _aRana, Ashwani Kumar.
_eauthor.
_954321
245 _aFast discharging (N+1) switch converter with regenerative flyback operation for N-phase SRM drives /
_cAshwani Kumar Rana and A.V Ravi Teja.
260 _aNew York ;
_bThe Institute of Electrical and Electronics Engineers, Inc. ,
_cJuly 2022.
300 _avolume 37, pages 8359-8368 :
_billustration ;
_c28 cm.
500 _aIEEE Transactions on Power Electronics, vol. 37, no. 7, pages 8359-8368, July 2022.
700 _aRana, Ashwani Kumar.
_eauthor.
_954321
700 _aTeja, A.V Ravi.
_eauthor.
_954322
942 _2ddc
_cPER
999 _c19596
_d19596